[Event "FRA-chT2S 9900"]
[Site "France"]
[Date "1999.11.21"]
[Round "3"]
[White "Sereno, Philippe"]
[Black "Adda, Olivier"]
[Result "1-0"]
[WhiteElo "2062"]
[BlackElo "2115"]
[PlyCount "79"]
[EventDate "1999.01.15"]
[EventType "team"]
[EventRounds "7"]
[EventCountry "FRA"]
[SourceTitle "EXT 2002"]
[Source "ChessBase"]
[SourceDate "2001.11.25"]
[SourceVersion "1"]
[SourceVersionDate "2001.11.25"]
[SourceQuality "1"]

1. e4 e5 2. f4 exf4 3. Nf3 d5 4. exd5 Bd6 5. Nc3 Ne7 6. d4 0-0 7. Bd3 c6 8. dxc6 Nbxc6 9. 0-0 Ng6 10. Ne4 Bg4 11. c3 Re8 12. Nf2 Bh5 13. Nh3 Qd7 14. Bxg6 Bxg6 15. Bxf4 Bf5 16. Bxd6 Bxh3 17. Bg3 Bg4 18. Rf2 Re3 19. Qf1 Rae8 20. Bf4 R3e4 21. Bg3 h6 22. h3 Be6 23. Nd2 Bd5 24. Nxe4 Bxe4 25. Re1 f5 26. Qc4+ Kh7 27. Rfe2 Re6 28. Rxe4 Rxe4 29. Rxe4 fxe4 30. d5 Ne7 31. Qxe4+ Kg8 32. c4 Nf5 33. Be5 Qc8 34. b4 a5 35. a3 axb4 36. axb4 g6 37. g4 Nh4 38. Bg3 Qd8 39. Qe6+ Kh7 40. Qf7+ 1-0

[Event "Cannes"]
[Site "Cannes"]
[Date "1999.??.??"]
[Round "1"]
[White "Sereno, Philippe"]
[Black "Kovacevic, Vladimir"]
[Result "1/2-1/2"]
[WhiteElo "2062"]
[BlackElo "2250"]
[PlyCount "20"]
[EventDate "1999.02.??"]
[EventType "k.o."]
[EventRounds "7"]
[EventCountry "FRA"]
[SourceTitle "EXT 2000"]
[Source "ChessBase"]
[SourceDate "1999.11.16"]
[SourceVersion "1"]
[SourceVersionDate "1999.11.16"]
[SourceQuality "1"]

1. e4 e6 2. d4 d5 3. Nc3 Bb4 4. Qd3 dxe4 5. Qxe4 Nf6 6. Qh4 Nc6 7. Nf3 Nd5 8. Qxd8+ Nxd8 9. Bd2 Nxc3 10. bxc3 Bd6 1/2-1/2

[Event "Montpellier op-B"]
[Site "Montpellier"]
[Date "1998.??.??"]
[Round "3"]
[White "Sereno, Philippe"]
[Black "Rue, David"]
[Result "0-1"]
[WhiteElo "2085"]
[BlackElo "2145"]
[PlyCount "40"]
[EventDate "1998.??.??"]
[EventType "swiss"]
[EventRounds "9"]
[EventCountry "FRA"]
[SourceTitle "EXT 2000"]
[Source "ChessBase"]
[SourceDate "1999.11.16"]
[SourceVersion "1"]
[SourceVersionDate "1999.11.16"]
[SourceQuality "1"]

1. e4 d6 2. d4 Nf6 3. Nc3 g6 4. f4 Bg7 5. Nf3 c5 6. dxc5 Qa5 7. Bd3 Qxc5 8. Qe2 0-0 9. Be3 Qa5 10. 0-0 Bg4 11. Qf2 Nc6 12. Rae1 Bxf3 13. Qxf3 Nd7 14. Qh3 Nc5 15. Bd2 Nxd3 16. cxd3 Qb6+ 17. Be3 Qxb2 18. Nd5 e6 19. Rf2 Qa3 20. Nc7 Qa5 0-1

[Event "Cannes Martinez op"]
[Site "Cannes"]
[Date "1996.??.??"]
[Round "1"]
[White "Jurkovic, Hrvoje"]
[Black "Sereno, Philippe"]
[Result "1-0"]
[WhiteElo "2405"]
[BlackElo "2150"]
[PlyCount "43"]
[EventDate "1996.08.??"]
[EventType "swiss"]
[EventRounds "9"]
[EventCountry "FRA"]
[SourceTitle "EXT 1998"]
[Source "ChessBase"]
[SourceDate "1997.11.17"]
[SourceVersion "1"]
[SourceVersionDate "1997.11.17"]
[SourceQuality "1"]

1. e4 e5 2. Nf3 Nc6 3. Bb5 f5 4. Nc3 fxe4 5. Nxe4 d5 6. Nxe5 dxe4 7. Nxc6 Qg5 8. Qe2 Nf6 9. f4 Qxf4 10. d4 Qh4+ 11. g3 Qh3 12. Bg5 Bd6 13. Bxf6 gxf6 14. Qxe4+ Kf7 15. Ne5+ fxe5 16. dxe5 Bd7 17. Bxd7 Qxd7 18. 0-0-0 Qe6 19. Qf4+ Kg7 20. Qg5+ Qg6 21. Qxg6+ hxg6 22. exd6 1-0

[Event "Cannes Martinez op"]
[Site "Cannes"]
[Date "1996.??.??"]
[Round "2"]
[White "Sereno, Philippe"]
[Black "Touzane, Olivier"]
[Result "1/2-1/2"]
[WhiteElo "2150"]
[BlackElo "2495"]
[PlyCount "53"]
[EventDate "1996.08.??"]
[EventType "swiss"]
[EventRounds "9"]
[EventCountry "FRA"]
[SourceTitle "EXT 1998"]
[Source "ChessBase"]
[SourceDate "1997.11.17"]
[SourceVersion "1"]
[SourceVersionDate "1997.11.17"]
[SourceQuality "1"]

1. e4 c5 2. Nf3 d6 3. d4 cxd4 4. Nxd4 Nf6 5. Nc3 a6 6. Be3 e6 7. g4 h6 8. f4 e5 9. Nf5 g6 10. Qf3 gxf5 11. exf5 exf4 12. Bxf4 Nc6 13. 0-0-0 Qa5 14. Bc4 Ne5 15. Rhe1 Be7 16. Qg3 Nfd7 17. f6 Bxf6 18. Rxd6 Kf8 19. Rxf6 Nxc4 20. Bd6+ Kg7 21. Rxf7+ Kxf7 22. Qf4+ Nf6 23. Qxc4+ Kg7 24. Re7+ Kg6 25. h4 Bxg4 26. Qf7+ Kf5 27. Qe6+ 1/2-1/2